000 01816cam a22004457a 4500
003 CHAP
005 20220329142745.0
008 030609s2003 mx r 00010 spa d
010 _a87331
011 _a88303
035 _a98848
040 _cCHAP
090 _aTesis
100 0 0 _aJiménez Guzmán, Antonio.
_961541
245 1 0 _aManejo actual y potencial de la ganadería caprina en el corredor Santa Monica-Cualquizque dentro de la reserva de la biosfera barranca de Metztitlan, Hidalgo
_c/por Antonio Jiménez Guzmán y Adan López Aguilar
260 _aChapingo, Méx. :
_bEl autor,
_c2003.
300 _a68 h. ;
_bcuadros
502 _aTesis (Ing. Agr. Esp. en Zootecnia) -- UACH. Departamento de Enseñanza, Investigación y Servicio en Zootecnia
530 _aTambién disponible en línea
590 _aALEPH
_b10
_c20130110
_lUCH01
_h1454
590 _aBATCH-UPD
_b10
_c20130110
_lUCH01
_h0504
590 _aBATCH-UPD
_b10
_c20130110
_lUCH01
_h2340
590 _aBATCH-UPD
_b10
_c20130410
_lUCH01
_h0142
590 _aBATCH-UPD
_b10
_c20130410
_lUCH01
_h1629
590 _aBATCH-UPD
_b10
_c20130914
_lUCH01
_h1508
590 _aBATCH-UPD
_b10
_c20140324
_lUCH01
_h1439
590 _aBATCH-UPD
_b10
_c20141002
_lUCH01
_h0818
590 _aCONVERSION
_b10
_c20130109
_lUCH01
_h1348
650 1 4 _aGanado cabrío
_xAlimentación.
_944990
650 1 4 _aGanado cabrío
_xEnfermedades.
_945007
650 1 4 _aGanado cabrío
_xHidalgo.
_945016
650 1 4 _aGanado cabrío
_xReproducción.
_945043
700 0 _aLópez Aguilar, Adan.
_967636
856 _3Finding aid
_uhttp://10.13.5.2/tesis/98848.pdf
_zTeclea aqui
901 _aBK
905 _aMayto Villalobos S.
942 _cFOLL
949 _aTesis
_bBC
_cTES
_d33724000917159
_eTS2
_fc.2
_h40983
_i98848
_sb
949 _aTesis
_bBC
_cTES
_d98848123
_eTS1
_h40982
_i98848
_sb
999 _c87331
_d87331